000 00582nam a22001817a 4500
003 UA-OsUOA
001 7190
007 ta
008 20040613b un ||||| |||| 00| 0 ukr d
100 _aТеренщенко В.
942 _cSA
040 _aUA-OsUOA
_cUA-OsUOA
_dUA-OsUOA
245 _aВодогосподарський комплекс Рівненщини: проблеми , перспективи розвитку
300 _aС.11
955 _a0
773 0 _w0
_tВільне слово
_dРівне
_d2004
_g№41/4 черв./
650 7 _aводні ресурси
_2UDC
999 _c293351
_d293351